000
00361nam a2200145Ia 4500
999
_c
10792
_d
10792
008
191201s2011 xx 000 0 und d
082
_a
346.065
_b
SIB
100
_a
SINGH, Avtar
245
0
_a
Business Law
250
_a
11th
260
_a
New Delhi
_b
EBC Explorer
_c
2020
300
_a
963
650
_a
B Com
942
_2
ddc
_c
BK
_0
5